[Event "Grenke Open"]
[Site "?"]
[Date "2017.04.14"]
[Round "2.14"]
[White "Levushkina, Elena"]
[Black "Melkumyan, Hrant"]
[Result "1/2-1/2"]
[WhiteElo "2300"]
[BlackElo "2619"]
[PlyCount "155"]
[EventDate "2017.??.??"]
[WhiteClock "0:00:41"]
[BlackClock "0:05:41"]

1. e4 e5 2. Nf3 Nc6 3. Nc3 Nf6 4. d4 exd4 5. Nxd4 Bb4 6. Nxc6 bxc6 7. Bd3 O-O
8. O-O Re8 9. Bg5 h6 10. Bh4 Rb8 11. f4 Be7 12. Bxf6 Bxf6 13. e5 Be7 14. Qf3 d5
15. Kh1 Bf8 16. b3 Qh4 17. Qe3 Ra8 18. Na4 a5 19. c4 Qh5 20. Rac1 Bf5 21. cxd5
cxd5 22. Rxc7 d4 23. Qd2 Rac8 24. Rxc8 Rxc8 25. Bxf5 Qxf5 26. Qxd4 Qc2 27. h3
Qxa2 28. Qd5 Qe2 29. Rg1 Qe3 30. Qf3 Qxf3 31. gxf3 Rb8 32. Rb1 Rb4 33. Kg2 Rxf4
34. Rd1 Bb4 35. Nb6 Rf5 36. Nc4 Rg5+ 37. Kh2 Rg6 38. f4 Rc6 39. Rd8+ Kh7 40.
Ra8 Rc7 41. Kg2 Rd7 42. f5 g6 43. e6 fxe6 44. fxe6 Re7 45. Ra6 Kg7 46. Ne3 Rb7
47. Nd5 g5 48. Kf3 Bf8 49. Ke4 Rxb3 50. e7 Bxe7 51. Nxe7 Rxh3 52. Nf5+ Kf7 53.
Ke5 Rh1 54. Nxh6+ Ke8 55. Nf5 Re1+ 56. Kf6 g4 57. Rxa5 Kd7 58. Ra4 Rg1 59. Ra3
Kc6 60. Kg5 Kd5 61. Ne3+ Kd4 62. Nxg4 Ke4 63. Ra4+ Kd5 64. Kf4 Rf1+ 65. Ke3
Re1+ 66. Kf2 Rh1 67. Ne3+ Ke5 68. Ke2 Rh2+ 69. Kd3 Rh3 70. Re4+ Kd6 71. Kd4 Rh1
72. Nc4+ Kd7 73. Re2 Rd1+ 74. Kc5 Rc1 75. Kd5 Rd1+ 76. Ke5 Kc6 77. Nd2 Rh1 78.
Ne4 1/2-1/2

[Event "Grenke Open"]
[Site "?"]
[Date "2017.04.14"]
[Round "2.16"]
[White "Lubbe, Melanie"]
[Black "Landa, Konstantin"]
[Result "1/2-1/2"]
[WhiteElo "2298"]
[BlackElo "2611"]
[PlyCount "44"]
[EventDate "2017.??.??"]
[WhiteClock "0:29:49"]
[BlackClock "0:35:46"]

1. e4 c6 2. d4 d5 3. Nc3 dxe4 4. Nxe4 Bf5 5. Ng3 Bg6 6. h4 h6 7. Nf3 e6 8. h5
Bh7 9. Bd3 Bxd3 10. Qxd3 Nf6 11. Bd2 Be7 12. O-O-O O-O 13. c4 b5 14. Kb1 a6 15.
Ne5 Ra7 16. Rc1 bxc4 17. Rxc4 Qd5 18. f3 c5 19. Bf4 Nbd7 20. Rd1 Rd8 21. Qe2
Nxe5 22. Bxe5 Rad7 1/2-1/2

[Event "Grenke Open"]
[Site "?"]
[Date "2017.04.14"]
[Round "2.19"]
[White "Saric, Ivan"]
[Black "Meissner, Felix"]
[Result "1/2-1/2"]
[WhiteElo "2609"]
[BlackElo "2294"]
[PlyCount "91"]
[EventDate "2017.??.??"]
[WhiteClock "0:02:02"]
[BlackClock "0:06:03"]

1. e4 c6 2. d4 g6 3. Nc3 d5 4. Nf3 dxe4 5. Nxe4 Nf6 6. Nxf6+ exf6 7. Bc4 Bg7 8.
O-O O-O 9. Re1 a5 10. a3 Na6 11. Ba2 Nc7 12. Bf4 Nd5 13. Bg3 b5 14. h3 Bf5 15.
Nd2 Re8 16. Rxe8+ Qxe8 17. c4 Nb6 18. cxb5 cxb5 19. Rc1 Be6 20. Bxe6 Qxe6 21.
Rc5 b4 22. Nf1 bxa3 23. bxa3 Bf8 24. d5 Rd8 25. Rxa5 Rxd5 26. Rxd5 Nxd5 27. Qb3
Nb6 28. Qf3 Kg7 29. Bf4 Nc4 30. a4 Qe1 31. Bh6+ Kxh6 32. Qf4+ Kg7 33. Qxc4 Bb4
34. g3 Ba5 35. Qc5 Bb4 36. Qc2 Ba5 37. Kg2 Bb6 38. Nh2 Qb4 39. Nf3 h5 40. h4
Ba7 41. Nd2 Qd4 42. Ne4 Bb6 43. Kf1 Qa1+ 44. Kg2 Qd4 45. Kf1 Qa1+ 46. Kg2
1/2-1/2

[Event "Grenke Open"]
[Site "?"]
[Date "2017.04.14"]
[Round "2.27"]
[White "Ackermann, Hans Werner"]
[Black "Wagner, Dennis"]
[Result "0-1"]
[WhiteElo "2286"]
[BlackElo "2577"]
[PlyCount "90"]
[EventDate "2017.??.??"]
[WhiteClock "0:20:01"]
[BlackClock "0:07:30"]

1. Nf3 d5 2. d4 Nf6 3. Bf4 c5 4. c3 Nc6 5. e3 Qb6 6. Qc1 Bf5 7. Nbd2 cxd4 8.
Nxd4 Nxd4 9. exd4 e6 10. Be2 Bd6 11. Bxd6 Qxd6 12. Nf3 Nd7 13. Bb5 O-O 14. Bxd7
Qxd7 15. O-O f6 16. Re1 Be4 17. Nd2 Bg6 18. a4 a5 19. Nf1 Rfc8 20. Ne3 Ra6 21.
Qd1 Rd6 22. Qd2 Rb6 23. Qe2 Bf7 24. Red1 Qc7 25. Rd2 Qf4 26. g3 Qc7 27. Qd1 Qd7
28. h3 Rd6 29. Kh2 b6 30. Ra2 Qe8 31. Kg2 Bh5 32. Qc2 Bg6 33. Qd1 Be4+ 34. Kh2
Rc7 35. Qe2 Qd7 36. Qd1 h6 37. Qe2 Kh8 38. Qh5 Kh7 39. Qe2 Bg6 40. Qd1 Kh8 41.
Ng2 e5 42. Ne3 Qf7 43. Rc2 e4 44. c4 dxc4 45. d5 Rcd7 0-1

[Event "Grenke Open"]
[Site "?"]
[Date "2017.04.14"]
[Round "2.32"]
[White "Gokerkan, Cem Kaan"]
[Black "Kunin, Vitaly"]
[Result "0-1"]
[WhiteElo "2280"]
[BlackElo "2567"]
[PlyCount "104"]
[EventDate "2017.??.??"]
[WhiteClock "0:10:31"]
[BlackClock "0:38:50"]

1. e4 d6 2. d4 Nf6 3. Nc3 e5 4. dxe5 dxe5 5. Qxd8+ Kxd8 6. Bc4 Ke8 7. Nf3 Bd6
8. Bg5 Nbd7 9. O-O h6 10. Bxf6 Nxf6 11. Nb5 Ke7 12. Bd3 a6 13. Nxd6 cxd6 14. c4
Be6 15. b3 Nd7 16. Nd2 Nc5 17. Bc2 Rhc8 18. Rfc1 Rc7 19. a4 Bd7 20. a5 Ne6 21.
Nb1 Nd4 22. Nc3 Be6 23. Bd1 g6 24. Ne2 Nc6 25. Nc3 Rac8 26. Na4 Nd4 27. Nb6 Rf8
28. Rc3 f5 29. Rh3 Rh8 30. Re3 f4 31. Rc3 g5 32. Rac1 h5 33. h3 g4 34. Kf1 gxh3
35. gxh3 Kd8 36. c5 Rxc5 37. Rxc5 Bxh3+ 38. Kg1 dxc5 39. Rxc5 Rg8+ 40. Kh2 Be6
41. Rxe5 f3 42. Rxe6 Rg2+ 43. Kh1 Nxe6 44. Bxf3 Rxf2 45. Bxh5 Nc5 46. Kg1 Nxe4
47. Nc4 Rf5 48. Bd1 Kc7 49. Bc2 Rg5+ 50. Kf1 Nd6 51. Nxd6 Kxd6 52. Be4 Rb5 0-1

[Event "Grenke Open"]
[Site "?"]
[Date "2017.04.14"]
[Round "2.34"]
[White "Junesch, Gerhard"]
[Black "Stocek, Jiri"]
[Result "0-1"]
[WhiteElo "2278"]
[BlackElo "2560"]
[PlyCount "92"]
[EventDate "2017.??.??"]
[WhiteClock "0:13:23"]
[BlackClock "0:00:50"]

1. Nf3 g6 2. e4 Bg7 3. d4 d6 4. Bc4 Nf6 5. Qe2 O-O 6. e5 dxe5 7. dxe5 Nd5 8. h3
Be6 9. O-O Nd7 10. Re1 c6 11. a4 a5 12. Bd2 Nc7 13. Na3 Nb6 14. Bxe6 Nxe6 15.
Nc4 Nxc4 16. Qxc4 Qd7 17. Qe4 Rfd8 18. Bc3 b6 19. Kf1 h5 20. h4 Bh6 21. g3 Nc5
22. Qe2 Qg4 23. b3 Rd5 24. Red1 Rad8 25. Rxd5 cxd5 26. Bd4 Rc8 27. Bxc5 Rxc5
28. Rd1 Qe4 29. Qxe4 dxe4 30. Rd8+ Kg7 31. Nd4 Rxe5 32. c4 Bc1 33. Nc6 Re6 34.
Nd4 Rf6 35. Ke2 Ba3 36. Nc2 Bc5 37. Ne3 Rf3 38. Rb8 f5 39. Rb7 Kf7 40. Rb8 e5
41. Rb7+ Ke6 42. Rg7 f4 43. gxf4 exf4 44. Nd5 Rxf2+ 45. Ke1 e3 46. Rxg6+ Kf5
0-1

[Event "Grenke Open"]
[Site "?"]
[Date "2017.04.14"]
[Round "2.36"]
[White "Rahnfeld, Jens"]
[Black "Ruck, Robert"]
[Result "0-1"]
[WhiteElo "2277"]
[BlackElo "2557"]
[PlyCount "114"]
[EventDate "2017.??.??"]
[WhiteClock "0:10:18"]
[BlackClock "0:15:52"]

1. e4 c6 2. d4 d5 3. Nd2 dxe4 4. Nxe4 Bf5 5. Ng3 Bg6 6. h4 h6 7. Nf3 Nd7 8. h5
Bh7 9. Bd3 Bxd3 10. Qxd3 e6 11. Bd2 Ngf6 12. O-O-O Be7 13. Kb1 Qb6 14. c4 Rd8
15. Bf4 O-O 16. Qc2 Rfe8 17. Nf1 c5 18. d5 Bd6 19. Bxd6 Qxd6 20. Ne3 Ne5 21.
Nxe5 Qxe5 22. dxe6 fxe6 23. Qe2 Rd4 24. Qf3 Ne4 25. Ng4 Qf5 26. Ka1 Qxf3 27.
gxf3 Nd2 28. Ne5 Rf8 29. Rde1 Nxf3 30. Nxf3 Rxf3 31. Rxe6 Rxc4 32. Re7 Rf7 33.
Rxf7 Kxf7 34. Kb1 Kf6 35. b3 Re4 36. a4 Rf4 37. Rh2 Rf3 38. Kb2 b6 39. Kc2 a6
40. Rg2 Kf7 41. Rh2 b5 42. axb5 axb5 43. Kb2 b4 44. Kc2 Kf6 45. Kb2 Kg5 46. Kc2
Kg4 47. Kb2 Rf5 48. Kc2 Rxh5 49. Rg2+ Kf3 50. Rxg7 Kxf2 51. Kd3 Rg5 52. Rf7+
Kg3 53. Ke2 h5 54. Kf1 Re5 55. Rf8 Re3 56. Rg8+ Kf4 57. Rc8 Rc3 0-1

[Event "Grenke Open"]
[Site "?"]
[Date "2017.04.14"]
[Round "2.37"]
[White "Wild, Achim"]
[Black "Martinovic, Sasa"]
[Result "1/2-1/2"]
[WhiteElo "2275"]
[BlackElo "2551"]
[PlyCount "48"]
[EventDate "2017.??.??"]
[WhiteClock "0:18:01"]
[BlackClock "0:38:52"]

1. Nf3 d5 2. b3 Bg4 3. e3 e5 4. h3 Bxf3 5. Qxf3 Nf6 6. Bb2 Nc6 7. Bb5 Bd6 8.
Nc3 e4 9. Qd1 O-O 10. Bxc6 bxc6 11. d3 Qe7 12. dxe4 dxe4 13. Qe2 Qe6 14. O-O-O
a5 15. Rd4 Be5 16. Ra4 Bxc3 17. Bxc3 Nd5 18. Bd4 Nb6 19. Bxb6 cxb6 20. Rd1 b5
21. Rad4 a4 22. Kb1 Qe5 23. Qg4 Rfe8 24. Qf4 Qxf4 1/2-1/2

[Event "Grenke Open"]
[Site "?"]
[Date "2017.04.14"]
[Round "2.38"]
[White "Sadzikowski, Daniel"]
[Black "Becker, Dirk"]
[Result "1-0"]
[WhiteElo "2547"]
[BlackElo "2274"]
[PlyCount "101"]
[EventDate "2017.??.??"]
[WhiteClock "0:08:26"]
[BlackClock "0:23:57"]

1. c4 Nf6 2. Nc3 c5 3. Nf3 Nc6 4. d4 cxd4 5. Nxd4 e6 6. g3 Qb6 7. Ndb5 Bc5 8.
Bg2 O-O 9. O-O Qd8 10. Bf4 Ne8 11. Ne4 Be7 12. c5 Bxc5 13. Nxc5 Qb6 14. Nc7
Nxc7 15. Na4 Qa5 16. Bxc6 bxc6 17. b4 Qh5 18. Bxc7 d5 19. e4 Qg6 20. Nc5 f5 21.
exf5 Rxf5 22. f4 h5 23. Kh1 e5 24. Bxe5 Rf7 25. Qd2 Bh3 26. Rf2 Re8 27. Re1 Qf5
28. Qd3 Qg4 29. Rfe2 h4 30. Rf2 Qh5 31. gxh4 Qxh4 32. Qg3 Qh5 33. Rg1 Ree7 34.
Rf3 Bf5 35. Re3 g6 36. Qg5 Qh7 37. Rge1 Rf8 38. Bd6 Rxe3 39. Rxe3 d4 40. Bxf8
dxe3 41. Qd8 Qf7 42. Bd6+ Kh7 43. Qe7 Qxe7 44. Bxe7 e2 45. Bh4 Kh6 46. Kg2 Kh5
47. Bg3 g5 48. fxg5 Kxg5 49. Kf2 Bg4 50. Ne4+ Kf5 51. Nc3 1-0

[Event "Grenke Open"]
[Site "?"]
[Date "2017.04.14"]
[Round "2.39"]
[White "Zwahr, Paul"]
[Black "Demuth, Adrien"]
[Result "1/2-1/2"]
[WhiteElo "2273"]
[BlackElo "2529"]
[PlyCount "54"]
[EventDate "2017.??.??"]
[WhiteClock "0:40:09"]
[BlackClock "0:21:11"]

1. e4 c5 2. Nf3 d6 3. d4 cxd4 4. Nxd4 Nf6 5. Nc3 Nc6 6. Bg5 e6 7. Qd2 a6 8.
O-O-O Nxd4 9. Qxd4 Be7 10. f4 O-O 11. Bc4 b5 12. Bb3 Rb8 13. Rhe1 a5 14. a4
bxa4 15. Bxa4 Rb4 16. Qa7 Rb7 17. Qd4 Rb4 18. Qa7 Rb7 19. Qd4 Qc7 20. e5 dxe5
21. fxe5 Nd5 22. Bxe7 Qxe7 23. Nxd5 exd5 24. Bc6 Rb4 25. Qxd5 Be6 26. Qxa5 Rfb8
27. Qa3 Qc7 1/2-1/2

[Event "Grenke Open"]
[Site "?"]
[Date "2017.04.14"]
[Round "2.41"]
[White "Tuomainen, Felix"]
[Black "Popovic, Dusan"]
[Result "0-1"]
[WhiteElo "2269"]
[BlackElo "2523"]
[PlyCount "108"]
[EventDate "2017.??.??"]
[WhiteClock "0:25:29"]
[BlackClock "0:09:15"]

1. d4 Nf6 2. Nf3 g6 3. c4 Bg7 4. g3 O-O 5. Bg2 d6 6. O-O Nc6 7. Nc3 Bg4 8. h3
Bxf3 9. Bxf3 Nd7 10. e3 e5 11. d5 Ne7 12. e4 f5 13. Bg5 a5 14. Qd2 Rf7 15. Bg2
Nf6 16. Rae1 Qd7 17. f4 exf4 18. Bxf4 fxe4 19. Nxe4 Nxe4 20. Rxe4 Nf5 21. Rfe1
Raf8 22. b3 b5 23. cxb5 Qxb5 24. Kh2 Qb6 25. Be3 Qa6 26. Bf4 Qb6 27. Be3 Nxe3
28. Qxe3 Be5 29. Re2 Kg7 30. Qxb6 cxb6 31. a3 b5 32. Rc2 Rf2 33. Ree2 Rxe2 34.
Rxe2 Rc8 35. Re3 Rc2 36. h4 h5 37. Kh3 Rd2 38. Be4 b4 39. axb4 axb4 40. Bd3 Bd4
41. Rf3 Bg1 42. g4 Bh2 43. gxh5 gxh5 44. Bf1 Be5 45. Bg2 Rb2 46. Re3 Kf6 47.
Rd3 Ke7 48. Re3 Kd8 49. Rd3 Kc7 50. Re3 Kb6 51. Rd3 Kc5 52. Re3 Rd2 53. Rf3
Rxd5 54. Rf5 Rd2 0-1

[Event "Grenke Open"]
[Site "?"]
[Date "2017.04.14"]
[Round "2.42"]
[White "Henrich, Thomas"]
[Black "Schneider, Ilja"]
[Result "0-1"]
[WhiteElo "2269"]
[BlackElo "2516"]
[PlyCount "98"]
[EventDate "2017.??.??"]
[WhiteClock "0:08:35"]
[BlackClock "0:38:22"]

1. d4 d5 2. c4 c6 3. Nf3 Nf6 4. Nc3 a6 5. c5 Nbd7 6. Bf4 Nh5 7. Bd2 Nhf6 8. Bf4
Nh5 9. Bd2 g6 10. e3 Bg7 11. Be2 Nhf6 12. O-O O-O 13. Qc2 Re8 14. Rfd1 e5 15.
dxe5 Nxe5 16. Nd4 Qc7 17. h3 Ned7 18. b4 Nf8 19. Bd3 Ne6 20. Nf3 Bd7 21. Rab1
a5 22. Na4 Ne4 23. Be1 axb4 24. Rxb4 f5 25. Rdb1 Ra7 26. Nd4 Nxd4 27. exd4 f4
28. Nc3 Bf5 29. f3 Nxc3 30. Bxc3 Bxd3 31. Qxd3 Re3 32. Qc2 Qe7 33. Kf1 Bf6 34.
Bd2 Rea3 35. R1b2 Bh4 36. R4b3 Qf6 37. Bc3 Qe6 38. Qd2 Rxb3 39. Rxb3 Bg3 40. a3
Kf7 41. Qe2 h5 42. Bd2 Qf5 43. Ba5 Bh4 44. Bc7 Rxa3 45. g4 Ra1+ 46. Kg2 Qc8 47.
Qb2 Qa8 48. Qe2 Re1 49. Bxf4 Qc8 0-1

[Event "Grenke Open"]
[Site "?"]
[Date "2017.04.14"]
[Round "3.1"]
[White "Vitiugov, Nikita"]
[Black "Sonis, Francesco"]
[Result "1-0"]
[WhiteElo "2729"]
[BlackElo "2438"]
[PlyCount "93"]
[EventDate "2017.??.??"]
[WhiteClock "0:20:04"]
[BlackClock "0:36:29"]

1. e4 e5 2. Nf3 Nc6 3. Bb5 a6 4. Ba4 Nf6 5. d3 b5 6. Bb3 Be7 7. Nc3 d6 8. a3
O-O 9. O-O Bg4 10. Be3 Qd7 11. h3 Be6 12. Nd5 Bd8 13. Bg5 Ne8 14. a4 Na5 15.
Ba2 c6 16. Bxd8 Qxd8 17. Ne3 Nf6 18. Bxe6 fxe6 19. b4 Nb7 20. c3 Qc7 21. Qb3 d5
22. Rfe1 Rae8 23. axb5 axb5 24. Ra7 Qb8 25. Ra6 Nd8 26. Ng4 Nxg4 27. hxg4 Rf4
28. g5 Qd6 29. Qa2 d4 30. Qd2 Ref8 31. Rc1 Rg4 32. Kf1 Qc7 33. cxd4 exd4 34.
Rc5 Rgf4 35. Nxd4 Qd6 36. Nf3 Qd7 37. Qe3 Qf7 38. Ra8 Qh5 39. Kg1 Qg4 40. Ne1
R4f7 41. d4 Rd7 42. Rc1 Rdf7 43. Nd3 Rf3 44. Qd2 R3f7 45. Ne5 Qf4 46. Qxf4 Rxf4
47. f3 1-0

[Event "Grenke Open"]
[Site "?"]
[Date "2017.04.14"]
[Round "3.3"]
[White "Bacrot, Etienne"]
[Black "Kopylov, Michael"]
[Result "1/2-1/2"]
[WhiteElo "2696"]
[BlackElo "2431"]
[PlyCount "70"]
[EventDate "2017.??.??"]
[WhiteClock "0:30:30"]
[BlackClock "0:20:44"]

1. e4 e6 2. d4 d5 3. Nc3 dxe4 4. Nxe4 Nd7 5. Nf3 Ngf6 6. Bd3 c5 7. O-O Nxe4 8.
Bxe4 Nf6 9. Bg5 cxd4 10. Nxd4 Be7 11. Bd3 O-O 12. c3 Qd5 13. Bh4 b6 14. Be2 Bb7
15. Bf3 Qd7 16. Nf5 Rfd8 17. Qxd7 Rxd7 18. Nxe7+ Rxe7 19. Be2 Rd7 20. Rfd1 Rad8
21. f3 Kf8 22. c4 Rxd1+ 23. Rxd1 Rxd1+ 24. Bxd1 Ke7 25. Kf2 e5 26. Ke3 Ke6 27.
Bf2 Nh5 28. g3 f5 29. a4 Nf6 30. Kd2 g5 31. a5 bxa5 32. Bxa7 f4 33. gxf4 exf4
34. Bb6 Nd7 35. Bxa5 Ke5 1/2-1/2

[Event "Grenke Open"]
[Site "?"]
[Date "2017.04.14"]
[Round "3.4"]
[White "Saptarshi, Roy"]
[Black "Rapport, Richard"]
[Result "0-1"]
[WhiteElo "2425"]
[BlackElo "2696"]
[PlyCount "92"]
[EventDate "2017.??.??"]
[WhiteClock "0:23:44"]
[BlackClock "0:43:39"]

1. d4 Nf6 2. Nf3 e6 3. e3 b6 4. Bd3 Bb7 5. Nbd2 d6 6. O-O Nbd7 7. e4 e5 8. c3
g6 9. b3 Bg7 10. Ba3 exd4 11. cxd4 O-O 12. Rc1 Re8 13. Re1 a6 14. Qc2 Rc8 15.
Qb1 Nh5 16. g3 d5 17. exd5 Ndf6 18. Rxe8+ Nxe8 19. Re1 Nhf6 20. Bf1 Nxd5 21.
Bh3 Ra8 22. Ne4 a5 23. Neg5 Nb4 24. Bc1 Bd5 25. Ne5 Nd6 26. Bf4 Nc6 27. Rd1 Ne7
28. Qd3 a4 29. Nc4 axb3 30. axb3 Ndf5 31. Ne3 Nxe3 32. fxe3 Ra3 33. Rb1 c5 34.
dxc5 bxc5 35. Qb5 Ra5 36. Qd7 Qxd7 37. Bxd7 Ra2 38. e4 Bd4+ 39. Kh1 Ba8 40. Re1
Bf2 41. Rf1 h6 42. Nf3 Bxe4 43. Kg2 Be3+ 44. Kh3 Bxf4 45. gxf4 Rb2 46. Ba4 Nf5
0-1

[Event "Grenke Open"]
[Site "?"]
[Date "2017.04.14"]
[Round "3.5"]
[White "Fedoseev, Vladimir"]
[Black "Sundararajan, Kidambi"]
[Result "1/2-1/2"]
[WhiteElo "2684"]
[BlackElo "2422"]
[PlyCount "130"]
[EventDate "2017.??.??"]
[WhiteClock "0:43:04"]
[BlackClock "0:04:30"]

1. Nf3 Nf6 2. g3 g6 3. Bg2 Bg7 4. O-O O-O 5. d4 d5 6. a3 c6 7. b3 Bf5 8. Bb2 a5
9. c4 a4 10. Nc3 Qb6 11. b4 dxc4 12. Nxa4 Qc7 13. Nd2 Rd8 14. e4 Bg4 15. Qc2
Be2 16. Rfe1 Bd3 17. Qd1 Nbd7 18. f4 b5 19. Nc3 Nb6 20. Nf3 Nfd7 21. h4 Qa7 22.
Qd2 Na4 23. Nxa4 Qxa4 24. Rac1 Qa7 25. Qf2 Nb6 26. Ne5 Bxe5 27. fxe5 Na4 28.
Ba1 c3 29. Bxc3 Nxc3 30. Rxc3 Qxd4 31. Qxd4 Rxd4 32. Rd1 Rad8 33. Kf2 Bc4 34.
Rxd4 Rxd4 35. Ke3 Rd7 36. a4 Ra7 37. a5 c5 38. bxc5 Rxa5 39. Bh3 e6 40. Kd4 Ra6
41. Bg4 Kf8 42. Bd1 Ke7 43. Bb3 Bxb3 44. Rxb3 Ra4+ 45. Kd3 Kd7 46. Rxb5 Kc6 47.
Rb8 Ra3+ 48. Kd4 Rxg3 49. Rb6+ Kc7 50. Rb1 Rf3 51. h5 gxh5 52. Rh1 Kc6 53. Rxh5
Rf1 54. Rxh7 Rd1+ 55. Ke3 Kxc5 56. Rxf7 Re1+ 57. Kd3 Rd1+ 58. Ke2 Rh1 59. Rd7
Rh5 60. Ke3 Rxe5 61. Ra7 Kd6 62. Kf4 Rh5 63. e5+ Kc6 64. Re7 Rf5+ 65. Ke4 Rf1
1/2-1/2

[Event "Grenke Open"]
[Site "?"]
[Date "2017.04.14"]
[Round "3.8"]
[White "Piorun, Kacper"]
[Black "Yankelevich, Lev"]
[Result "1/2-1/2"]
[WhiteElo "2651"]
[BlackElo "2421"]
[PlyCount "66"]
[EventDate "2017.??.??"]
[WhiteClock "0:17:37"]
[BlackClock "0:37:49"]

1. e4 e5 2. Nf3 Nc6 3. Bc4 Nf6 4. Ng5 d5 5. exd5 Na5 6. Bb5+ c6 7. dxc6 bxc6 8.
Be2 h6 9. Nh3 Bd6 10. d3 O-O 11. O-O Nd5 12. Kh1 Be6 13. Nd2 c5 14. Ne4 Be7 15.
Bf3 Nc6 16. Nc3 Nxc3 17. bxc3 Rc8 18. Re1 c4 19. Ng1 Qa5 20. Bd2 Bf6 21. Be4
Ne7 22. Qh5 Rfd8 23. Nf3 Qc7 24. g4 Bd5 25. g5 Bxe4 26. gxf6 Bg6 27. Qxe5 Qb7
28. fxe7 Qxf3+ 29. Kg1 Re8 30. Re3 Qg4+ 31. Qg3 Qd7 32. Rae1 Rc6 33. Kh1 Ra6
1/2-1/2

[Event "Grenke Open"]
[Site "?"]
[Date "2017.04.14"]
[Round "3.9"]
[White "Menezes, Christoph"]
[Black "Grandelius, Nils"]
[Result "0-1"]
[WhiteElo "2404"]
[BlackElo "2641"]
[PlyCount "114"]
[EventDate "2017.??.??"]
[WhiteClock "0:10:57"]
[BlackClock "0:11:41"]

1. d4 Nf6 2. c4 e6 3. Nf3 d5 4. g3 Bb4+ 5. Bd2 Bd6 6. Nc3 O-O 7. Bg5 Be7 8. Bg2
Nbd7 9. Nd2 h6 10. Be3 c6 11. h3 b5 12. cxb5 cxb5 13. Nxb5 Qb6 14. Qb3 Rb8 15.
Nc3 Qc7 16. Qc2 Bd6 17. O-O Ba6 18. Rfc1 Rfc8 19. Qd1 Qd8 20. Rab1 Bb4 21. Bf4
Bxc3 22. Rxc3 Rxc3 23. Bxb8 Rc8 24. Bf4 Qb6 25. Be3 Qb5 26. Bf1 Nb6 27. f3 Nfd7
28. Bf2 Qa4 29. a3 Rc2 30. Qe1 Nb8 31. e3 Bxf1 32. Nxf1 Nc6 33. Nd2 Qa5 34. Nf1
Qxe1 35. Bxe1 Nc4 36. Bb4 Nxb2 37. Bd6 Na5 38. Bc5 a6 39. Bb4 Nac4 40. h4 h5
41. e4 a5 42. Bc5 Re2 43. exd5 exd5 44. g4 hxg4 45. fxg4 Re4 46. Nh2 a4 47. h5
f6 48. Rf1 Nd3 49. Rd1 Re1+ 50. Rxe1 Nxe1 51. Kf2 Nc2 52. Nf3 N2xa3 53. g5 fxg5
54. Nxg5 Nb5 55. Ne6 a3 56. Bxa3 Ncxa3 57. Nf4 Nc7 0-1

[Event "Grenke Open"]
[Site "?"]
[Date "2017.04.14"]
[Round "3.10"]
[White "Kuzubov, Yuriy"]
[Black "Carow, Johannes"]
[Result "1-0"]
[WhiteElo "2641"]
[BlackElo "2419"]
[PlyCount "95"]
[EventDate "2017.??.??"]
[WhiteClock "0:26:01"]
[BlackClock "0:21:28"]

1. e4 c5 2. Nf3 e6 3. d3 Nc6 4. g3 Nge7 5. h4 d5 6. Nbd2 e5 7. c3 f6 8. Bg2 Be6
9. O-O d4 10. Ne1 dxc3 11. bxc3 c4 12. Rb1 b6 13. d4 exd4 14. cxd4 Qxd4 15. e5
O-O-O 16. exf6 gxf6 17. Qe2 Bd5 18. Bb2 Qc5 19. Bxf6 Rg8 20. Bxd5 Qxd5 21. Nxc4
Rg6 22. Bxe7 Bxe7 23. Ng2 Bc5 24. Nce3 Qe4 25. Rfc1 Nd4 26. Qh5 Rc6 27. Kh1 Kb7
28. Qg4 Qe8 29. Nc4 Ka8 30. Re1 Qf8 31. Ne5 Rc7 32. Nf4 Qd6 33. Qh3 Kb8 34. Qg2
Re7 35. Ned3 Rxe1+ 36. Rxe1 Rc8 37. Nxc5 Qxc5 38. Qe4 Nc6 39. Kg2 h6 40. Re3
Qa5 41. a3 Qc5 42. Ne6 Qd6 43. Qf4 Qxf4 44. Nxf4 Nd4 45. g4 Nc2 46. Rg3 Rf8 47.
Ng6 Rf6 48. Ne5 1-0

[Event "Grenke Open"]
[Site "?"]
[Date "2017.04.14"]
[Round "3.11"]
[White "Bruedigam, Martin"]
[Black "Kozul, Zdenko"]
[Result "1/2-1/2"]
[WhiteElo "2403"]
[BlackElo "2631"]
[PlyCount "104"]
[EventDate "2017.??.??"]
[WhiteClock "0:12:56"]
[BlackClock "0:16:41"]

1. e4 c5 2. Nf3 d6 3. Bb5+ Bd7 4. Bxd7+ Nxd7 5. O-O Ngf6 6. Qe2 e6 7. b3 g6 8.
c3 Bg7 9. d4 O-O 10. Rd1 Qc7 11. Bb2 a6 12. c4 cxd4 13. Bxd4 d5 14. cxd5 exd5
15. exd5 Rac8 16. Nc3 Bh6 17. Ne5 Rfe8 18. Nxd7 Nxd7 19. Qf3 f5 20. d6 Qc6 21.
Qd5+ Qxd5 22. Nxd5 Kf7 23. Nb6 Rcd8 24. Nxd7 Rxd7 25. Bb6 Bf4 26. Bc7 Re6 27.
Kf1 h5 28. g3 Bxd6 29. Bxd6 Rexd6 30. Rxd6 Rxd6 31. Rc1 Kf6 32. Ke2 Re6+ 33.
Kd2 b5 34. h4 f4 35. Rc5 Re5 36. Rc8 fxg3 37. fxg3 Kf5 38. Rf8+ Kg4 39. Rf6
Kxg3 40. Rxg6+ Kxh4 41. Rxa6 Kg5 42. a4 bxa4 43. Rxa4 h4 44. Kd3 h3 45. Ra1 Kh4
46. b4 Rg5 47. Kc4 h2 48. Rh1 Kh3 49. b5 Rg1 50. Rxh2+ Kxh2 51. b6 Rb1 52. Kc5
Rxb6 1/2-1/2

[Event "Grenke Open"]
[Site "?"]
[Date "2017.04.14"]
[Round "3.14"]
[White "Buhmann, Rainer"]
[Black "Kevlishvili, Robby"]
[Result "1-0"]
[WhiteElo "2609"]
[BlackElo "2414"]
[PlyCount "103"]
[EventDate "2017.??.??"]
[WhiteClock "0:01:54"]
[BlackClock "0:05:33"]

1. d4 Nf6 2. c4 g6 3. Nc3 Bg7 4. e4 d6 5. Nf3 O-O 6. Be2 e5 7. O-O Na6 8. Re1
c6 9. Bf1 Bg4 10. d5 Ne8 11. Rb1 c5 12. a3 Nac7 13. b4 b6 14. Bd2 Bd7 15. Bd3
f5 16. bxc5 bxc5 17. Bc2 f4 18. Ba4 Bxa4 19. Nxa4 g5 20. g3 Qf6 21. g4 h5 22.
h3 Qg6 23. Rb7 Rf7 24. Ba5 hxg4 25. hxg4 Bf6 26. Kg2 Bd8 27. Nc3 Nf6 28. Bxc7
Bxc7 29. Nb5 Bb8 30. Rxf7 Qxf7 31. Rh1 a6 32. Nc3 Bc7 33. Qa4 Rb8 34. Qxa6 Qd7
35. Nh2 Rb3 36. Rc1 Nxg4 37. Qc6 Qc8 38. Nxg4 Qxg4+ 39. Kh2 Qc8 40. Qa4 Rb2 41.
Rc2 Rb7 42. f3 g4 43. fxg4 Qd8 44. Kg1 Ba5 45. Nb5 Rg7 46. Nxd6 Rxg4+ 47. Kf1
Qxd6 48. Qe8+ Kg7 49. Rh2 Qd8 50. Qxe5+ Qf6 51. Rh7+ Kg6 52. Qh5# 1-0

[Event "Grenke Open"]
[Site "?"]
[Date "2017.04.14"]
[Round "3.16"]
[White "Hilverda, Alexander"]
[Black "Fridman, Daniel"]
[Result "1/2-1/2"]
[WhiteElo "2396"]
[BlackElo "2597"]
[PlyCount "166"]
[EventDate "2017.??.??"]
[WhiteClock "0:00:06"]
[BlackClock "0:13:08"]

1. d4 d5 2. c4 e6 3. Nf3 c6 4. Nc3 Nf6 5. g3 dxc4 6. Bg2 Nbd7 7. O-O Be7 8. e4
O-O 9. Bf4 Nh5 10. Be3 Nhf6 11. a4 e5 12. dxe5 Ng4 13. Bf4 Qa5 14. Qd4 Rd8 15.
Qxc4 Ndxe5 16. Nxe5 Nxe5 17. Qb3 Ng6 18. Be3 Be6 19. Qc2 Ne5 20. h3 Qb4 21. Na2
Qc4 22. Nc3 Qb4 23. Na2 Qb3 24. Qxb3 Bxb3 25. Nc3 Nc4 26. Bc1 Nd2 27. Re1 Bc4
28. Nd5 Bg5 29. Rd1 cxd5 30. Bxd2 Bf6 31. Ba5 b6 32. Bc3 Bxc3 33. bxc3 dxe4 34.
Bxe4 Rac8 35. Bb7 Rb8 36. Bc6 Kf8 37. Rxd8+ Rxd8 38. a5 b5 39. Re1 f6 40. h4
Kf7 41. a6 Rd6 42. Bb7 g6 43. Kg2 Rd3 44. Re3 Rxe3 45. fxe3 Ke6 46. Kf3 Kd6 47.
e4 h6 48. Kf4 Be6 49. Ke3 Kc5 50. Kd3 Ba2 51. Kc2 Bc4 52. Kd2 Be6 53. Kd3 Bd7
54. Ba8 g5 55. Bb7 Bh3 56. Bd5 f5 57. hxg5 hxg5 58. Bb7 f4 59. gxf4 gxf4 60.
Bd5 Bf1+ 61. Kd2 Kd6 62. Ke1 Bh3 63. Ke2 Bg4+ 64. Kd3 Kc5 65. Bb7 f3 66. Ke3
Kc4 67. Bc6 Bc8 68. e5 Kxc3 69. Bxb5 f2 70. Kxf2 Kd4 71. Ke1 Kxe5 72. Kd2 Kd4
73. Kc2 Kc5 74. Be2 Kb6 75. Kb2 Bxa6 76. Bxa6 Kxa6 77. Ka1 Kb5 78. Kb2 a5 79.
Ka1 Kb4 80. Kb2 a4 81. Ka1 a3 82. Kb1 Kb3 83. Ka1 a2 1/2-1/2

[Event "Grenke Open"]
[Site "?"]
[Date "2017.04.14"]
[Round "3.19"]
[White "Rosner, Jonas"]
[Black "Indjic, Aleksandar"]
[Result "0-1"]
[WhiteElo "2386"]
[BlackElo "2589"]
[PlyCount "80"]
[EventDate "2017.??.??"]
[WhiteClock "0:00:02"]
[BlackClock "0:42:11"]

1. e4 c5 2. Nf3 d6 3. Bb5+ Nd7 4. d4 cxd4 5. Qxd4 Ngf6 6. Nc3 e5 7. Qd3 h6 8.
Be3 a6 9. Bc4 b5 10. Bd5 Rb8 11. a4 Nxd5 12. Nxd5 Nf6 13. Nxf6+ Qxf6 14. axb5
Rxb5 15. O-O Be7 16. b3 O-O 17. c4 Rb8 18. Nd2 Qg6 19. f3 h5 20. Kh1 h4 21.
Rab1 f5 22. h3 Kh7 23. b4 fxe4 24. fxe4 Rxf1+ 25. Qxf1 Bb7 26. Qd3 Rd8 27. Bb6
Rf8 28. Re1 d5 29. Bc5 Bxc5 30. bxc5 Rf2 31. Rg1 d4 32. Nf3 Qg3 33. Ne1 Qf4 34.
Nf3 Kh6 35. Re1 Qg3 36. Rg1 Bc6 37. Ne1 Qf4 38. Qa3 Bxe4 39. Qxa6+ Kh7 40. Qe6
d3 0-1